[Event "ODJM B 2025"]
[Site "Willingen GER"]
[Date "2025.06.13"]
[Round "8"]
[White "Aguike, Chidera"]
[Black "Petrow, Andre"]
[Result "1-0"]
[Termination "normal"]
[Board "9"]
[WhiteElo "1838"]
[BlackElo "1831"]
[WhiteClock "00:22:33"]
[BlackClock "00:33:58"]
[PlyCount "61"]
[WhiteFideId "34611339"]
[BlackFideId "34612815"]
[EventCountry "GER"]
[EventRounds "9"]
[EventType "swiss"]
[EventDate "2025.06.07"]

1. e4 {[%clk 01:30:39]} {[%emt 00:00:20]} d6 {[%clk 01:30:45]} {[%emt
00:00:15]} 2. d4 {[%clk 01:30:51]} {[%emt 00:00:18]} Nf6 {[%clk 01:31:09]}
{[%emt 00:00:06]} 3. Nc3 {[%clk 01:31:18]} {[%emt 00:00:04]} Nbd7 {[%clk
01:31:28]} {[%emt 00:00:11]} 4. Nf3 {[%clk 01:30:08]} {[%emt 00:01:39]} e5
{[%clk 01:30:24]} {[%emt 00:01:35]} 5. Bc4 {[%clk 01:24:04]} {[%emt 00:06:33]}
exd4 {[%clk 01:29:14]} {[%emt 00:01:40]} 6. Qxd4 {[%clk 01:23:44]} {[%emt
00:00:51]} Be7 {[%clk 01:28:44]} {[%emt 00:00:59]} 7. h3 {[%clk 01:23:14]}
{[%emt 00:01:00]} Nb6 {[%clk 01:25:52]} {[%emt 00:03:22]} 8. Be2 {[%clk
01:19:47]} {[%emt 00:03:56]} h6 {[%clk 01:21:25]} {[%emt 00:04:58]} 9. Be3
{[%clk 01:18:41]} {[%emt 00:01:36]} Be6 {[%clk 01:19:52]} {[%emt 00:02:03]} 10.
O-O-O {[%clk 00:57:34]} {[%emt 00:21:37]} a6 {[%clk 01:11:16]} {[%emt
00:09:07]} 11. e5 {[%clk 00:48:14]} {[%emt 00:09:49]} c5 {[%clk 01:09:52]}
{[%emt 00:01:54]} 12. Qf4 {[%clk 00:42:37]} {[%emt 00:06:07]} Nh5 {[%clk
01:04:07]} {[%emt 00:06:15]} 13. Qh2 {[%clk 00:42:39]} {[%emt 00:00:27]} d5
{[%clk 00:47:54]} {[%emt 00:16:45]} 14. g4 {[%clk 00:42:06]} {[%emt 00:01:03]}
d4 {[%clk 00:48:08]} {[%emt 00:00:16]} 15. gxh5 {[%clk 00:40:23]} {[%emt
00:02:12]} Qc7 {[%clk 00:48:15]} {[%emt 00:00:24]} 16. Bxd4 {[%clk 00:37:45]}
{[%emt 00:03:07]} cxd4 {[%clk 00:48:41]} {[%emt 00:00:05]} 17. Nxd4 {[%clk
00:38:02]} {[%emt 00:00:12]} O-O {[%clk 00:44:26]} {[%emt 00:04:45]} 18. Rhg1
{[%clk 00:33:31]} {[%emt 00:05:01]} Bg5+ {[%clk 00:42:36]} {[%emt 00:02:20]}
19. Kb1 {[%clk 00:32:53]} {[%emt 00:01:08]} Nc4 {[%clk 00:37:41]} {[%emt
00:05:25]} 20. Bxc4 {[%clk 00:29:32]} {[%emt 00:03:51]} Bxc4 {[%clk 00:36:57]}
{[%emt 00:01:14]} 21. f4 {[%clk 00:29:01]} {[%emt 00:01:02]} Bh4 {[%clk
00:34:19]} {[%emt 00:03:07]} 22. Nf5 {[%clk 00:28:13]} {[%emt 00:01:18]} Bd8
{[%clk 00:34:11]} {[%emt 00:00:39]} 23. Rxg7+ {[%clk 00:26:06]} {[%emt
00:02:36]} Kh8 {[%emt 00:01:04]} 24. Rdg1 {[%clk 00:25:51]} Qb6 {[%clk
00:34:01]} {[%emt 00:00:51]} 25. Qg2 {[%clk 00:25:31]} {[%emt 00:00:49]} Bg5
{[%clk 00:33:24]} {[%emt 00:01:07]} 26. fxg5 {[%clk 00:22:22]} {[%emt
00:03:40]} Rg8 {[%clk 00:33:18]} {[%emt 00:00:35]} 27. gxh6 {[%clk 00:22:16]}
{[%emt 00:00:37]} f6 {[%clk 00:33:18]} {[%emt 00:00:30]} 28. Qg6 {[%clk
00:21:58]} {[%emt 00:00:48]} Qxg1+ {[%clk 00:33:17]} {[%emt 00:00:32]} 29. Qxg1
{[%clk 00:22:21]} {[%emt 00:00:06]} Rae8 {[%clk 00:33:35]} {[%emt 00:00:11]}
30. Qg6 {[%clk 00:22:10]} {[%emt 00:00:41]} Rxg7 {[%clk 00:33:58]} {[%emt
00:00:07]} 31. Qxg7# {[%clk 00:22:33]} {[%emt 00:00:08]} 1-0

[Event "ODJM B 2025"]
[Site "Willingen GER"]
[Date "2025.06.13"]
[Round "8"]
[White "Lattreuter, Alexander"]
[Black "Duchstein, Anna"]
[Result "1-0"]
[Termination "normal"]
[Board "10"]
[WhiteElo "1898"]
[BlackElo "1724"]
[WhiteClock "00:49:35"]
[BlackClock "00:55:03"]
[PlyCount "65"]
[WhiteFideId "34678387"]
[BlackFideId "16261372"]
[EventCountry "GER"]
[EventRounds "9"]
[EventType "swiss"]
[EventDate "2025.06.07"]

1. d4 {[%clk 01:15:22]} {[%emt 00:00:35]} Nf6 {[%clk 01:30:23]} {[%emt
00:00:38]} 2. Bf4 {[%clk 01:15:06]} {[%emt 00:00:45]} d5 {[%clk 01:30:41]}
{[%emt 00:00:13]} 3. Nf3 {[%clk 01:15:32]} {[%emt 00:00:04]} e6 {[%clk
01:30:51]} {[%emt 00:00:20]} 4. e3 {[%clk 01:15:54]} {[%emt 00:00:07]} c5
{[%clk 01:31:02]} {[%emt 00:00:19]} 5. c3 {[%clk 01:16:13]} {[%emt 00:00:12]}
Nc6 {[%clk 01:29:26]} {[%emt 00:02:05]} 6. Nbd2 {[%clk 01:16:34]} {[%emt
00:00:09]} Be7 {[%clk 01:29:42]} {[%emt 00:00:14]} 7. Bd3 {[%clk 01:16:27]}
{[%emt 00:00:38]} Nh5 {[%clk 01:28:27]} {[%emt 00:01:44]} 8. Bg3 {[%clk
01:14:32]} {[%emt 00:02:26]} Nxg3 {[%clk 01:28:27]} {[%emt 00:00:30]} 9. hxg3
{[%clk 01:14:57]} {[%emt 00:00:04]} h6 {[%clk 01:28:38]} {[%emt 00:00:20]} 10.
Ne5 {[%clk 01:12:11]} {[%emt 00:03:16]} Nxe5 {[%clk 01:26:26]} {[%emt
00:02:42]} 11. dxe5 {[%clk 01:11:49]} {[%emt 00:00:51]} c4 {[%clk 01:25:52]}
{[%emt 00:01:04]} 12. Bc2 {[%clk 01:12:07]} {[%emt 00:00:12]} a6 {[%clk
01:25:19]} {[%emt 00:01:03]} 13. Qg4 {[%clk 01:11:46]} {[%emt 00:00:51]} Bf8
{[%clk 01:21:36]} {[%emt 00:04:13]} 14. Nf3 {[%clk 01:00:53]} {[%emt 00:11:23]}
Qb6 {[%clk 01:18:21]} {[%emt 00:03:46]} 15. Ba4+ {[%clk 00:59:38]} {[%emt
00:01:44]} Bd7 {[%clk 01:14:39]} {[%emt 00:04:12]} 16. Bxd7+ {[%clk 01:00:01]}
{[%emt 00:00:07]} Kxd7 {[%clk 01:14:58]} {[%emt 00:00:11]} 17. O-O-O {[%clk
00:58:41]} {[%emt 00:01:50]} Ke8 {[%clk 01:12:21]} {[%emt 00:03:07]} 18. e4
{[%clk 00:55:55]} {[%emt 00:03:17]} Rd8 {[%clk 01:07:38]} {[%emt 00:05:13]} 19.
exd5 {[%clk 00:55:51]} {[%emt 00:00:33]} exd5 {[%clk 01:06:32]} {[%emt
00:01:37]} 20. e6 {[%clk 00:54:55]} {[%emt 00:01:26]} Qc7 {[%clk 01:04:30]}
{[%emt 00:02:31]} 21. exf7+ {[%clk 00:52:55]} {[%emt 00:02:31]} Kxf7 {[%clk
01:01:46]} {[%emt 00:03:14]} 22. Ng5+ {[%clk 00:52:42]} {[%emt 00:00:43]} hxg5
{[%clk 01:01:57]} {[%emt 00:00:18]} 23. Rxh8 {[%clk 00:53:08]} {[%emt
00:00:04]} Qb6 {[%clk 00:59:37]} {[%emt 00:02:51]} 24. Qxg5 {[%clk 00:50:46]}
{[%emt 00:02:52]} Rd6 {[%clk 00:56:51]} {[%emt 00:03:15]} 25. Qf5+ {[%clk
00:50:28]} {[%emt 00:00:46]} Rf6 {[%clk 00:56:48]} {[%emt 00:00:35]} 26. Qxd5+
{[%clk 00:50:37]} {[%emt 00:00:21]} Re6 {[%clk 00:56:25]} {[%emt 00:00:53]} 27.
Re1 {[%clk 00:50:32]} {[%emt 00:00:34]} Be7 {[%clk 00:55:33]} {[%emt 00:01:23]}
28. Qxc4 {[%clk 00:47:57]} {[%emt 00:03:05]} Qd6 {[%clk 00:54:03]} {[%emt
00:02:00]} 29. Qxe6+ {[%clk 00:48:08]} {[%emt 00:00:20]} Qxe6 {[%clk 00:54:19]}
{[%emt 00:00:14]} 30. Rxe6 {[%clk 00:48:33]} {[%emt 00:00:04]} Kxe6 {[%clk
00:54:39]} {[%emt 00:00:10]} 31. Re8 {[%clk 00:48:44]} {[%emt 00:00:20]} Kd7
{[%clk 00:54:47]} {[%emt 00:00:21]} 32. Rxe7+ {[%clk 00:49:10]} {[%emt
00:00:05]} Kxe7 {[%clk 00:55:03]} {[%emt 00:00:14]} 33. Kd2 {[%clk 00:49:35]}
{[%emt 00:00:05]} 1-0

[Event "ODJM B 2025"]
[Site "Willingen GER"]
[Date "2025.06.13"]
[Round "8"]
[White "Mai, Mariella"]
[Black "Gulamov, Elmir"]
[Result "1/2-1/2"]
[Termination "normal"]
[Board "11"]
[WhiteElo "1738"]
[BlackElo "1765"]
[WhiteClock "00:32:40"]
[BlackClock "01:04:16"]
[PlyCount "41"]
[WhiteFideId "16281780"]
[BlackFideId "34604332"]
[EventCountry "GER"]
[EventRounds "9"]
[EventType "swiss"]
[EventDate "2025.06.07"]

1. Nf3 {[%clk 01:30:57]} {[%emt 00:00:02]} Nf6 {[%clk 01:30:57]} {[%emt
00:00:04]} 2. b3 {[%clk 01:31:17]} {[%emt 00:00:10]} b6 {[%clk 01:31:11]}
{[%emt 00:00:16]} 3. e3 {[%clk 01:30:49]} {[%emt 00:00:58]} e6 {[%clk
01:30:55]} {[%emt 00:00:47]} 4. Bb2 {[%clk 01:30:51]} {[%emt 00:00:27]} Bb7
{[%clk 01:31:12]} {[%emt 00:00:13]} 5. Be2 {[%clk 01:29:24]} {[%emt 00:01:57]}
Be7 {[%emt 00:00:12]} 6. d4 {[%clk 01:25:44]} {[%emt 00:04:08]} d5 {[%clk
01:31:15]} {[%emt 00:00:48]} 7. Nbd2 {[%clk 01:23:56]} {[%emt 00:02:17]} Nbd7
{[%clk 01:29:12]} {[%emt 00:02:33]} 8. O-O {[%clk 01:20:03]} {[%emt 00:04:22]}
O-O {[%clk 01:29:30]} {[%emt 00:00:12]} 9. Rc1 {[%clk 01:15:56]} {[%emt
00:04:38]} c5 {[%emt 00:01:45]} 10. c4 {[%clk 01:13:52]} {[%emt 00:02:24]} Rc8
{[%clk 01:26:34]} {[%emt 00:02:21]} 11. a3 {[%clk 01:11:52]} {[%emt 00:02:30]}
Bd6 {[%clk 01:23:40]} {[%emt 00:03:24]} 12. Bd3 {[%clk 01:07:50]} {[%emt
00:04:32]} Qe7 {[%clk 01:23:50]} {[%emt 00:00:21]} 13. cxd5 {[%clk 01:03:02]}
{[%emt 00:05:18]} exd5 {[%clk 01:20:16]} {[%emt 00:04:03]} 14. dxc5 {[%clk
00:57:52]} {[%emt 00:05:40]} Nxc5 {[%emt 00:02:30]} 15. Bf5 {[%clk 00:57:02]}
{[%emt 00:01:17]} Rc7 {[%clk 01:16:24]} {[%emt 00:02:25]} 16. b4 {[%clk
00:51:16]} {[%emt 00:06:17]} Ncd7 {[%clk 01:11:23]} {[%emt 00:05:30]} 17. Nd4
{[%clk 00:38:23]} {[%emt 00:13:23]} Rfc8 {[%clk 01:05:21]} {[%emt 00:06:32]}
18. Rxc7 {[%clk 00:37:32]} {[%emt 00:01:21]} Rxc7 {[%clk 01:04:03]} {[%emt
00:01:48]} 19. Nb5 {[%clk 00:35:35]} {[%emt 00:02:27]} Ba6 {[%clk 01:03:51]}
{[%emt 00:00:42]} 20. Nxc7 {[%clk 00:35:09]} {[%emt 00:00:56]} Bxf1 {[%clk
01:04:16]} {[%emt 00:00:05]} 21. Nxd5 {[%clk 00:32:40]} {[%emt 00:02:59]}
1/2-1/2

[Event "ODJM B 2025"]
[Site "Willingen GER"]
[Date "2025.06.13"]
[Round "8"]
[White "Negru, Maximilian"]
[Black "Hoffmann, Sophia"]
[Result "1-0"]
[Termination "normal"]
[Board "12"]
[WhiteElo "1694"]
[BlackElo "1664"]
[WhiteClock "01:26:59"]
[BlackClock "01:11:28"]
[PlyCount "25"]
[WhiteFideId "16298136"]
[BlackFideId "16259130"]
[EventCountry "GER"]
[EventRounds "9"]
[EventType "swiss"]
[EventDate "2025.06.07"]

1. e4 {[%clk 01:30:59]} e5 {[%clk 01:30:56]} {[%emt 00:00:04]} 2. Nf3 {[%clk
01:31:27]} {[%emt 00:00:02]} Nc6 {[%clk 01:31:21]} {[%emt 00:00:05]} 3. Bc4
{[%clk 01:31:51]} {[%emt 00:00:06]} Bc5 {[%clk 01:31:43]} {[%emt 00:00:08]} 4.
d4 {[%clk 01:32:16]} {[%emt 00:00:04]} exd4 {[%clk 01:32:08]} {[%emt 00:00:06]}
5. O-O {[%emt 00:02:26]} Nf6 {[%clk 01:30:01]} {[%emt 00:00:19]} 6. e5 {[%clk
01:33:00]} {[%emt 00:00:08]} d5 {[%clk 01:30:04]} {[%emt 00:00:28]} 7. exf6
{[%clk 01:32:18]} {[%emt 00:01:12]} dxc4 {[%clk 01:30:18]} {[%emt 00:00:15]} 8.
Re1+ {[%clk 01:32:33]} {[%emt 00:00:15]} Be6 {[%clk 01:28:48]} {[%emt
00:02:01]} 9. fxg7 {[%clk 01:30:11]} {[%emt 00:02:52]} Rg8 {[%clk 01:28:42]}
{[%emt 00:00:35]} 10. Ng5 {[%clk 01:28:47]} {[%emt 00:01:54]} Qf6 {[%clk
01:22:00]} {[%emt 00:07:11]} 11. Nxe6 {[%clk 01:28:01]} {[%emt 00:01:18]} fxe6
{[%clk 01:18:47]} {[%emt 00:03:43]} 12. Qh5+ {[%clk 01:28:22]} {[%emt
00:00:08]} Qg6 {[%clk 01:11:28]} {[%emt 00:07:48]} 13. Rxe6+ {[%clk 01:26:59]}
{[%emt 00:01:55]} 1-0

[Event "ODJM B 2025"]
[Site "Willingen GER"]
[Date "2025.06.13"]
[Round "8"]
[White "Heitmann, Erik"]
[Black "Geschke, David"]
[Result "1-0"]
[Termination "normal"]
[Board "13"]
[WhiteElo "1798"]
[BlackElo "1824"]
[WhiteClock "00:42:23"]
[BlackClock "00:41:52"]
[PlyCount "47"]
[WhiteFideId "34608940"]
[BlackFideId "34619658"]
[EventCountry "GER"]
[EventRounds "9"]
[EventType "swiss"]
[EventDate "2025.06.07"]

1. d4 {[%clk 01:30:38]} {[%emt 00:00:21]} Nf6 {[%clk 01:30:53]} {[%emt
00:00:07]} 2. c4 {[%clk 01:31:01]} {[%emt 00:00:07]} g6 {[%clk 01:31:16]}
{[%emt 00:00:07]} 3. Nc3 {[%clk 01:31:25]} {[%emt 00:00:06]} Bg7 {[%clk
01:31:42]} {[%emt 00:00:05]} 4. e4 {[%clk 01:31:50]} {[%emt 00:00:04]} d6
{[%clk 01:32:09]} {[%emt 00:00:04]} 5. f3 {[%clk 01:32:14]} {[%emt 00:00:06]}
O-O {[%clk 01:30:21]} {[%emt 00:00:56]} 6. Be3 {[%clk 01:32:35]} {[%emt
00:01:30]} e5 {[%clk 01:28:17]} {[%emt 00:02:34]} 7. d5 {[%clk 01:32:28]}
{[%emt 00:00:38]} a5 {[%clk 01:27:37]} {[%emt 00:01:09]} 8. Nge2 {[%clk
01:32:50]} {[%emt 00:00:08]} Na6 {[%clk 01:27:40]} {[%emt 00:00:27]} 9. Qd2
{[%clk 01:32:58]} {[%emt 00:00:22]} Nd7 {[%clk 01:26:44]} {[%emt 00:01:26]} 10.
g4 {[%clk 01:30:28]} {[%emt 00:03:00]} Ndc5 {[%clk 01:19:05]} {[%emt 00:08:09]}
11. O-O-O {[%clk 01:26:15]} {[%emt 00:04:43]} f5 {[%clk 01:11:05]} {[%emt
00:08:30]} 12. gxf5 {[%emt 00:00:25]} gxf5 {[%clk 01:11:26]} 13. Bh6 {[%clk
01:21:40]} {[%emt 00:05:19]} f4 {[%clk 01:08:05]} {[%emt 00:03:51]} 14. Rg1
{[%clk 01:13:47]} {[%emt 00:08:22]} Rf7 {[%clk 01:07:41]} {[%emt 00:00:54]} 15.
Nxf4 {[%clk 00:55:06]} {[%emt 00:19:12]} exf4 {[%clk 01:06:39]} {[%emt
00:01:32]} 16. Qd4 {[%clk 00:55:13]} {[%emt 00:00:21]} Qe7 {[%clk 01:03:25]}
{[%emt 00:03:45]} 17. Rd2 {[%clk 00:55:12]} {[%emt 00:00:31]} Nd7 {[%clk
00:40:55]} {[%emt 00:23:00]} 18. Rdg2 {[%clk 00:49:13]} {[%emt 00:06:29]} Ne5
{[%clk 00:40:26]} {[%emt 00:01:00]} 19. Rxg7+ {[%clk 00:45:50]} {[%emt
00:03:52]} Rxg7 {[%clk 00:40:50]} {[%emt 00:00:06]} 20. Rxg7+ {[%clk 00:46:08]}
{[%emt 00:00:13]} Qxg7 {[%clk 00:41:16]} {[%emt 00:00:04]} 21. Bxg7 {[%clk
00:46:32]} {[%emt 00:00:06]} Kxg7 {[%clk 00:41:33]} {[%emt 00:00:13]} 22. Qg1+
{[%clk 00:44:39]} {[%emt 00:02:21]} Kf7 {[%clk 00:41:31]} {[%emt 00:00:32]} 23.
Qg5 {[%clk 00:44:12]} {[%emt 00:00:55]} Ng6 {[%clk 00:41:52]} {[%emt 00:00:12]}
24. h4 {[%clk 00:42:23]} {[%emt 00:02:18]} 1-0

[Event "ODJM B 2025"]
[Site "Willingen GER"]
[Date "2025.06.13"]
[Round "8"]
[White "Bakó, Evelin"]
[Black "Kandora, Max"]
[Result "0-1"]
[Termination "normal"]
[Board "15"]
[WhiteElo "1637"]
[BlackElo "1878"]
[WhiteClock "00:00:39"]
[BlackClock "00:39:58"]
[PlyCount "80"]
[WhiteFideId "16271823"]
[BlackFideId "34684239"]
[EventCountry "GER"]
[EventRounds "9"]
[EventType "swiss"]
[EventDate "2025.06.07"]

1. d4 {[%clk 01:30:58]} {[%emt 00:00:01]} f5 {[%clk 01:30:56]} {[%emt
00:00:05]} 2. Bg5 {[%clk 01:31:22]} {[%emt 00:00:06]} g6 {[%clk 01:31:20]}
{[%emt 00:00:06]} 3. Nd2 {[%clk 01:31:02]} {[%emt 00:00:50]} Bg7 {[%clk
01:31:37]} {[%emt 00:00:13]} 4. e3 {[%clk 01:27:40]} {[%emt 00:03:52]} Nf6
{[%clk 01:29:41]} {[%emt 00:02:25]} 5. c4 {[%clk 01:24:24]} {[%emt 00:03:47]}
d6 {[%clk 01:27:48]} {[%emt 00:02:23]} 6. Ngf3 {[%clk 01:18:07]} {[%emt
00:06:46]} Nbd7 {[%clk 01:27:54]} {[%emt 00:00:25]} 7. Qc2 {[%clk 01:06:52]}
{[%emt 00:11:45]} e5 {[%clk 01:26:55]} {[%emt 00:01:28]} 8. d5 {[%clk
01:05:43]} {[%emt 00:01:40]} O-O {[%clk 01:20:33]} {[%emt 00:06:51]} 9. e4
{[%clk 00:56:33]} {[%emt 00:09:41]} Nc5 {[%clk 01:15:55]} {[%emt 00:05:07]} 10.
Bxf6 {[%clk 00:53:16]} {[%emt 00:03:47]} Qxf6 {[%clk 01:14:23]} {[%emt
00:02:03]} 11. Be2 {[%clk 00:47:22]} {[%emt 00:06:24]} fxe4 {[%clk 01:08:55]}
{[%emt 00:05:58]} 12. Nxe4 {[%clk 00:46:30]} {[%emt 00:01:20]} Nxe4 {[%clk
01:08:47]} {[%emt 00:00:40]} 13. Qxe4 {[%clk 00:46:37]} {[%emt 00:00:23]} Bf5
{[%clk 01:09:03]} {[%emt 00:00:14]} 14. Qe3 {[%clk 00:40:53]} {[%emt 00:06:14]}
e4 {[%clk 01:03:28]} {[%emt 00:06:05]} 15. Nd2 {[%clk 00:39:19]} {[%emt
00:02:04]} b6 {[%clk 00:54:01]} {[%emt 00:09:57]} 16. Rb1 {[%clk 00:37:23]}
{[%emt 00:02:26]} g5 {[%clk 00:48:51]} {[%emt 00:05:40]} 17. O-O {[%clk
00:34:04]} {[%emt 00:03:48]} g4 {[%clk 00:46:05]} {[%emt 00:03:15]} 18. Nxe4
{[%clk 00:31:00]} {[%emt 00:03:35]} Qg6 {[%clk 00:45:14]} {[%emt 00:01:21]} 19.
Bd3 {[%clk 00:26:28]} {[%emt 00:05:03]} Rae8 {[%clk 00:44:56]} {[%emt
00:00:48]} 20. Rfe1 {[%clk 00:26:01]} {[%emt 00:00:57]} Re5 {[%clk 00:42:39]}
{[%emt 00:02:47]} 21. Re2 {[%clk 00:23:45]} {[%emt 00:02:46]} Rfe8 {[%clk
00:42:16]} {[%emt 00:00:53]} 22. Rbe1 {[%clk 00:23:20]} {[%emt 00:00:56]} Bxe4
{[%clk 00:41:49]} {[%emt 00:00:56]} 23. Bxe4 {[%clk 00:22:31]} {[%emt
00:01:18]} Rxe4 {[%clk 00:42:14]} {[%emt 00:00:06]} 24. Qxe4 {[%clk 00:21:10]}
{[%emt 00:01:50]} Rxe4 {[%clk 00:42:39]} {[%emt 00:00:05]} 25. Rxe4 {[%clk
00:21:35]} {[%emt 00:00:05]} Be5 {[%clk 00:42:39]} {[%emt 00:00:30]} 26. b3
{[%clk 00:20:49]} {[%emt 00:01:17]} Kf8 {[%clk 00:40:27]} {[%emt 00:02:41]} 27.
R4e2 {[%clk 00:17:12]} {[%emt 00:04:08]} Ke7 {[%clk 00:40:08]} {[%emt
00:00:49]} 28. Kf1 {[%clk 00:16:58]} {[%emt 00:00:44]} Qd3 {[%clk 00:40:10]}
{[%emt 00:00:26]} 29. Kg1 {[%clk 00:15:26]} {[%emt 00:02:02]} Kd7 {[%clk
00:39:16]} {[%emt 00:01:25]} 30. Re3 {[%clk 00:15:14]} {[%emt 00:00:42]} Qd2
{[%clk 00:38:05]} {[%emt 00:01:41]} 31. R1e2 {[%clk 00:13:30]} {[%emt
00:02:15]} Qc1+ {[%clk 00:38:06]} {[%emt 00:00:29]} 32. Re1 {[%clk 00:13:50]}
{[%emt 00:00:10]} Qc2 {[%clk 00:38:32]} {[%emt 00:00:04]} 33. R3e2 {[%clk
00:13:53]} {[%emt 00:00:27]} Qf5 {[%clk 00:38:58]} {[%emt 00:00:04]} 34. Re4
{[%clk 00:12:41]} {[%emt 00:01:42]} Kc8 {[%clk 00:39:11]} {[%emt 00:00:17]} 35.
R4e2 {[%clk 00:11:19]} {[%emt 00:01:52]} h5 {[%clk 00:39:27]} {[%emt 00:00:14]}
36. Re3 {[%clk 00:05:11]} {[%emt 00:06:38]} Qf4 {[%clk 00:39:00]} {[%emt
00:00:57]} 37. g3 {[%clk 00:03:46]} {[%emt 00:01:55]} Qf5 {[%clk 00:39:15]}
{[%emt 00:00:14]} 38. R1e2 {[%clk 00:02:07]} {[%emt 00:02:09]} h4 {[%clk
00:39:19]} {[%emt 00:00:27]} 39. gxh4 {[%clk 00:01:11]} {[%emt 00:01:25]} Qh5
{[%clk 00:39:38]} {[%emt 00:00:11]} 40. f4 {[%clk 00:00:39]} {[%emt 00:01:03]}
Bd4 {[%clk 00:39:58]} {[%emt 00:00:10]} 0-1